| 000 | 00602nam a2200205Ia 4500 | ||
|---|---|---|---|
| 005 | 20250508164736.0 | ||
| 008 | 008 250505s9999 xx 000 0 eng d | ||
| 037 | _aTextBook | ||
| 040 |
_aFEDL _beng _cFEDL |
||
| 041 |
_aeng _2eng |
||
| 084 |
_a418, SHO/R _qFEDL |
||
| 100 |
_aShohamy Elana Ed. _9558271 |
||
| 245 | 0 | _aLinguistic landscape : Expanding the scenery | |
| 260 |
_aNew York, USA _bRoutledge Taylor and Francis Group _c2009 |
||
| 300 | _aviii,352p. | ||
| 365 |
_aGBP _b25.99 |
||
| 700 |
_a Gorter Durk Ed. _9779041 |
||
| 942 |
_cTB _h418, SHO/R |
||
| 999 |
_c1390864 _d1390864 |
||